[Event "67th ch-RUS w 2017"]
[Site "St Petersburg RUS"]
[Date "2017.12.03"]
[Round "1.2"]
[White "Girya, Olga"]
[Black "Shuvalova, Polina"]
[Result "1-0"]
[WhiteTitle "WGM"]
[BlackTitle "WIM"]
[WhiteElo "2484"]
[BlackElo "2385"]
[WhiteFideId "4195752"]
[BlackFideId "24171760"]
[EventDate "2017.12.03"]

1. d4 Nf6 2. c4 e6 3. Nf3 b6 4. g3 Ba6 5. b3 Bb4+ 6. Bd2 Be7 7. Nc3 O-O 8. Bg2
c6 9. O-O d5 10. Bf4 Nbd7 11. Qc2 Nh5 12. Bc1 dxc4 13. bxc4 Bxc4 14. Ne5 Nxe5
15. dxe5 Qd4 16. Bb2 Qxe5 17. Nd5 Qxd5 18. Bxd5 cxd5 19. Bd4 Nf6 20. Qb2 b5 21.
Rac1 b4 22. Rfe1 Rfc8 23. Rc2 a5 24. e4 Nxe4 25. Bxg7 Bd3 26. Rxc8+ Rxc8 27. Bd4
a4 28. Rc1 Rc4 29. f3 a3 30. Rxc4 axb2 31. Rc8+ Bf8 32. Bxb2 Nd6 33. Rb8 f6 34.
Bd4 Kf7 35. Bc5 Ne8 36. Rb7+ Kg8 37. Bxb4 Ba6 38. Rb8 Bxb4 39. Rxb4 Bc4 40. a4
Kf8 41. a5 Ke7 42. Rb7+ Kd8 43. Rxh7 d4 44. Kf2 e5 45. Rb7 f5 46. Rb4 Ba6 47. f4
Nd6 48. fxe5 Ne4+ 49. Ke1 d3 50. g4 d2+ 51. Kd1 Nf2+ 52. Kxd2 Nxg4 53. Rb6 Bf1
54. a6 Nxh2 55. a7 Bg2 56. Ke3 Ng4+ 57. Kf4 Kc7 58. Rb8 Nh6 59. a8=Q 1-0

[Event "67th ch-RUS w 2017"]
[Site "St Petersburg RUS"]
[Date "2017.12.03"]
[Round "1.3"]
[White "Bodnaruk, Anastasia"]
[Black "Ovod, Evgenija"]
[Result "1/2-1/2"]
[WhiteTitle "IM"]
[BlackTitle "IM"]
[WhiteElo "2428"]
[BlackElo "2364"]
[WhiteFideId "4181751"]
[BlackFideId "4131827"]
[EventDate "2017.12.03"]

1. e4 e5 2. Nf3 Nc6 3. d4 exd4 4. Nxd4 Nf6 5. Nxc6 bxc6 6. Bd3 d5 7. e5 Nd7 8.
O-O Nc5 9. Be2 Be7 10. Be3 O-O 11. c3 Ne6 12. Bg4 f5 13. exf6 Rxf6 14. Nd2 c5
15. Nb3 c4 16. Nd4 Nxd4 17. Bxd4 Bxg4 18. Qxg4 Rg6 19. Qe2 Bd6 20. f4 Qh4 21. g3
Rf8 22. Qg2 Qh5 23. Bxa7 Bxf4 24. Bc5 Bd6 25. Rxf8+ Bxf8 26. Bxf8 Kxf8 27. Re1
Rf6 28. a4 h6 29. Qd2 Qf5 30. a5 Kg8 31. Rd1 c6 32. a6 Qd7 33. Qd4 Rf7 34. Ra1
Qa7 35. Qxa7 Rxa7 36. Kf2 Kf7 37. Ke3 Ke6 38. h4 Kd6 39. Kf4 c5 40. g4 Rf7+ 41.
Ke3 Re7+ 42. Kf4 Rf7+ 43. Ke3 Re7+ 1/2-1/2

[Event "67th ch-RUS w 2017"]
[Site "St Petersburg RUS"]
[Date "2017.12.03"]
[Round "1.4"]
[White "Galliamova, Alisa"]
[Black "Kovalevskaya, Ekaterina"]
[Result "1-0"]
[WhiteTitle "IM"]
[BlackTitle "IM"]
[WhiteElo "2443"]
[BlackElo "2405"]
[WhiteFideId "4129725"]
[BlackFideId "4116704"]
[EventDate "2017.12.03"]

1. d4 Nf6 2. Nf3 c5 3. e3 e6 4. Bd3 d5 5. b3 Nc6 6. O-O g6 7. dxc5 Bg7 8. Bb2
Qe7 9. Nd4 O-O 10. Nxc6 bxc6 11. b4 e5 12. Nd2 Rb8 13. a3 a5 14. c3 e4 15. Be2
Nd7 16. Rb1 axb4 17. cxb4 Bxb2 18. Rxb2 Nxc5 19. Rc2 Ne6 20. Rxc6 Bb7 21. Rc1 d4
22. Bc4 Rfd8 23. Qb3 Ng7 24. exd4 Rxd4 25. Rfd1 Rbd8 26. Nf1 Nf5 27. Ne3 Rxd1+
28. Rxd1 Nxe3 29. fxe3 Kg7 30. Qc3+ f6 31. Rxd8 Qxd8 32. Bf1 Kh6 33. a4 f5 34.
a5 Qd1 35. b5 Qb1 36. Qc5 Qa2 37. Qf8+ Kh5 38. Qe7 Bd5 39. Qxh7+ Kg5 40. Qe7+
Kh5 41. h4 Kh6 42. Qe5 Kh7 43. a6 Qd2 44. Qc7+ Kg8 45. Qc5 Kh7 46. b6 1-0

[Event "67th ch-RUS w 2017"]
[Site "St Petersburg RUS"]
[Date "2017.12.03"]
[Round "1.5"]
[White "Gunina, Valentina"]
[Black "Kashlinskaya, Alina"]
[Result "0-1"]
[WhiteTitle "GM"]
[BlackTitle "IM"]
[WhiteElo "2510"]
[BlackElo "2452"]
[WhiteFideId "4167570"]
[BlackFideId "4198026"]
[EventDate "2017.12.03"]

1. e4 e6 2. d4 d5 3. Nc3 Bb4 4. a3 Bxc3+ 5. bxc3 dxe4 6. Qg4 Nf6 7. Qxg7 Rg8 8.
Qh6 c5 9. dxc5 Nbd7 10. Bb5 Rxg2 11. Bg5 Qa5 12. Qxf6 Rxg5 13. Qxg5 Qxc3+ 14.
Kf1 Qxa1+ 15. Kg2 Qb2 16. c4 a6 17. Ba4 h6 18. Qxh6 b5 19. cxb6 Bb7 20. Qe3 Ke7
21. Qg5+ Kd6 22. Qg3+ Ne5 23. Bd1 Qd4 24. h4 Qxd1 25. c5+ Kd5 26. Kh2 Ng4+ 27.
Kg2 Kc4 28. c6 Bxc6 29. Qc7 Kd5 30. Nh3 Qf3+ 31. Kg1 Rg8 32. Nf4+ Kc5 33. Qe7+
Kxb6 0-1

[Event "67th ch-RUS w 2017"]
[Site "St Petersburg RUS"]
[Date "2017.12.03"]
[Round "1.6"]
[White "Gritsayeva, Oksana"]
[Black "Nechaeva, Marina"]
[Result "0-1"]
[WhiteTitle "WFM"]
[BlackTitle "IM"]
[WhiteElo "2373"]
[BlackElo "2424"]
[WhiteFideId "14104652"]
[BlackFideId "4149351"]
[EventDate "2017.12.03"]

1. e4 c6 2. d4 d5 3. exd5 cxd5 4. Bd3 Nc6 5. c3 Qc7 6. Na3 a6 7. Nc2 Nf6 8. h3
e6 9. Qe2 Bd6 10. Nf3 h6 11. Bd2 O-O 12. O-O-O b5 13. Kb1 Bb7 14. Rhe1 Ne7 15.
Ne5 Ne4 16. Bc1 f6 17. Ng4 f5 18. f3 Rf7 19. Ne5 Bxe5 20. dxe5 Nc5 21. Nd4 Nxd3
22. Qxd3 Bc8 23. g4 Bd7 24. g5 hxg5 25. Bxg5 Rb8 26. h4 Qc4 27. Qxc4 dxc4 28.
Bxe7 Rxe7 29. Rd2 Rc8 30. Red1 Be8 31. f4 Bh5 32. Rf1 Rd7 33. Kc2 Kf7 34. Rff2
Bg4 35. Rh2 Rd5 36. Kc1 a5 37. Rhf2 b4 38. Nc2 bxc3 39. Rxd5 cxb2+ 40. Kxb2 c3+
41. Kb3 exd5 42. Rf1 a4+ 43. Kxa4 d4 44. Nxd4 Rc4+ 45. Kb3 Rxd4 46. Kxc3 Re4 47.
a3 Kg6 48. Kb3 Be2 49. Rf2 Bd1+ 50. Kc3 Kh5 51. Kd2 Bg4 52. Rf1 Kxh4 53. Kc3 Kh5
54. Kb3 g5 55. fxg5 Kxg5 56. a4 Rxe5 57. Kb4 f4 58. a5 Be2 0-1

[Event "67th ch-RUS w 2017"]
[Site "St Petersburg RUS"]
[Date "2017.12.04"]
[Round "2.2"]
[White "Kashlinskaya, Alina"]
[Black "Gritsayeva, Oksana"]
[Result "1-0"]
[WhiteTitle "IM"]
[BlackTitle "WFM"]
[WhiteElo "2452"]
[BlackElo "2373"]
[WhiteFideId "4198026"]
[BlackFideId "14104652"]
[EventDate "2017.12.03"]

1. d4 d6 2. Nf3 g6 3. e4 Bg7 4. Nc3 a6 5. Be3 b5 6. Bd3 Bb7 7. Qd2 Nd7 8. a4 b4
9. Ne2 Ngf6 10. e5 Ng4 11. e6 fxe6 12. Nf4 Nf8 13. Ng5 Bf6 14. Ngxe6 Nxe6 15.
Nxe6 Qd7 16. Bc4 Bxg2 17. Rg1 Nxh2 18. O-O-O Nf3 19. Qxb4 Nxg1 20. Rxg1 Be4 21.
Qa5 Rc8 22. Qxa6 c6 23. Re1 Bd5 24. Bh6 Kf7 25. Bxd5 cxd5 26. b3 Qc6 27. Qe2 Qc3
28. Kb1 Qh3 29. Ng5+ Bxg5 30. Bxg5 Rhe8 31. f4 Qf5 32. Kb2 Rc7 33. Qh2 h5 34.
Re2 Rec8 35. Qg2 e6 36. a5 Ra7 37. b4 Rc4 38. c3 Qd3 39. Rc2 Rb7 40. Qd2 Qe4 41.
Rc1 Rc8 42. Re1 Qf5 43. Ra1 Qh3 44. Re1 Rbc7 45. Re3 Qf1 46. Rg3 Rb8 47. Bh4 Rc4
48. Qd3 Qxd3 49. Rxd3 Rg8 50. Re3 Rb8 51. Kb3 Rc6 52. Ka4 Rb7 53. Kb3 Rb8 54.
Re2 Rbc8 55. Re3 Rb8 56. Ka4 Rbc8 57. Kb5 R6c7 58. a6 Rb8+ 59. Ka5 Rc6 60. Be1
Ke7 61. Re2 Kd7 62. b5 Rcc8 63. a7 Rb7 64. Ka6 Rbc7 65. b6 Rc4 66. Kb5 1-0

[Event "67th ch-RUS w 2017"]
[Site "St Petersburg RUS"]
[Date "2017.12.04"]
[Round "2.3"]
[White "Kovalevskaya, Ekaterina"]
[Black "Gunina, Valentina"]
[Result "0-1"]
[WhiteTitle "IM"]
[BlackTitle "GM"]
[WhiteElo "2405"]
[BlackElo "2510"]
[WhiteFideId "4116704"]
[BlackFideId "4167570"]
[EventDate "2017.12.03"]

1. e4 c6 2. d4 d5 3. Nc3 dxe4 4. Nxe4 Bf5 5. Ng3 Bg6 6. Nf3 Nd7 7. Bd3 Bxd3 8.
Qxd3 e6 9. O-O Ngf6 10. Bf4 Be7 11. c4 O-O 12. Rad1 a5 13. Qc2 a4 14. a3 Qa5 15.
Rfe1 Rfd8 16. Nf5 Bf8 17. Nd6 Ra7 18. Qe2 Qh5 19. h3 h6 20. Rd3 b5 21. c5 Nd5
22. Bh2 Bxd6 23. Bxd6 Rb7 24. g4 Qg6 25. Nh4 Qh7 26. f4 N7b6 27. f5 Nc4 28. Bg3
Re7 29. Qf2 h5 30. Rf3 hxg4 31. hxg4 Nf6 32. Rf4 Rde8 33. g5 Nd5 34. g6 Qh5 35.
fxe6 fxg6 36. Rfe4 Nf6 37. R4e2 Rf8 38. Qf3 Ng4 39. Qe4 Rf6 40. Qxc6 g5 41. Nf3
Qh3 42. Rg2 Nce3 43. Nxg5 Qh5 44. Bd6 Nxg2 45. Qxg2 Re8 46. Qd5 Ne3 47. Qe5
Rexe6 48. Nxe6 Rg6+ 49. Qg3 Rxg3+ 50. Bxg3 Qf3 51. Rxe3 Qxe3+ 52. Bf2 Qxe6 0-1

[Event "67th ch-RUS w 2017"]
[Site "St Petersburg RUS"]
[Date "2017.12.04"]
[Round "2.4"]
[White "Ovod, Evgenija"]
[Black "Galliamova, Alisa"]
[Result "1/2-1/2"]
[WhiteTitle "IM"]
[BlackTitle "IM"]
[WhiteElo "2364"]
[BlackElo "2443"]
[WhiteFideId "4131827"]
[BlackFideId "4129725"]
[EventDate "2017.12.03"]

1. e4 e5 2. Nf3 Nc6 3. d4 exd4 4. Nxd4 Nf6 5. Nc3 Bb4 6. Nxc6 bxc6 7. Bd3 O-O 8.
O-O Qe7 9. Qf3 Qe6 10. h3 Bxc3 11. bxc3 d6 12. Bd2 Bb7 13. Rab1 Rab8 14. c4 Nd7
15. Bc3 Ba6 16. Qe2 Rxb1 17. Rxb1 Nb6 18. Rb3 Ra8 19. c5 Bxd3 20. Qxd3 dxc5 21.
Qg3 g6 22. Qxc7 Qxe4 23. Bb2 Rf8 24. Qxa7 Nc4 25. Qxc5 Qe1+ 26. Kh2 Nd2 27. Qd4
Nf1+ 28. Kg1 Ne3+ 29. Kh2 Nf1+ 30. Kg1 Ne3+ 31. Kh2 Nf1+ 1/2-1/2

[Event "67th ch-RUS w 2017"]
[Site "St Petersburg RUS"]
[Date "2017.12.04"]
[Round "2.5"]
[White "Shuvalova, Polina"]
[Black "Bodnaruk, Anastasia"]
[Result "1/2-1/2"]
[WhiteTitle "WIM"]
[BlackTitle "IM"]
[WhiteElo "2385"]
[BlackElo "2428"]
[WhiteFideId "24171760"]
[BlackFideId "4181751"]
[EventDate "2017.12.03"]

1. d4 Nf6 2. c4 g6 3. Nc3 Bg7 4. e4 d6 5. Nf3 O-O 6. h3 e5 7. d5 Nh5 8. g3 a5 9.
Be2 Na6 10. Bg5 f6 11. Bd2 f5 12. exf5 gxf5 13. Qc2 Nb4 14. Qb3 e4 15. Nh2 Nf6
16. Be3 Nd7 17. a3 Na6 18. O-O-O Nac5 19. Qc2 Ne5 20. Kb1 Ned3 21. f4 Bd7 22.
Nf1 Bxc3 23. Qxc3 Na4 24. Qd4 Naxb2 25. Rd2 Na4 26. g4 Qf6 27. gxf5 Nc3+ 28. Kc2
Nxe2 29. Rxe2 Qxd4 30. Bxd4 Bxf5 31. Ne3 Nxf4 32. Nxf5 Rxf5 33. Rxe4 Ng6 34. Rg1
Raf8 35. Bc3 a4 36. Bd4 b5 37. Re7 R8f7 38. Re8+ Rf8 39. Re7 R5f7 40. Rxf7 Rxf7
41. cxb5 Rf5 42. Kc3 Rxd5 43. Kc4 Rh5 44. Rg3 Kf7 45. Kb4 Rh4 46. Rg4 Rxh3 47.
Kxa4 h5 48. Re4 h4 49. Re1 Rd3 50. Ba7 Ne7 51. Kb4 Nd5+ 52. Kc4 Rxa3 53. Kxd5
Rxa7 54. Kc6 Kf6 55. Rg1 Ke5 56. Rg4 Ra3 57. Kxc7 Rc3+ 58. Kd7 h3 59. b6 Rb3 60.
Kc7 Rc3+ 61. Kd7 Rb3 62. Kc7 Rc3+ 1/2-1/2

[Event "67th ch-RUS w 2017"]
[Site "St Petersburg RUS"]
[Date "2017.12.04"]
[Round "2.6"]
[White "Goryachkina, Aleksandra"]
[Black "Girya, Olga"]
[Result "1-0"]
[WhiteTitle "WGM"]
[BlackTitle "WGM"]
[WhiteElo "2486"]
[BlackElo "2484"]
[WhiteFideId "4147103"]
[BlackFideId "4195752"]
[EventDate "2017.12.03"]

1. d4 Nf6 2. c4 e6 3. Nc3 Bb4 4. Qc2 d5 5. a3 Bxc3+ 6. Qxc3 Ne4 7. Qc2 c5 8.
dxc5 Nc6 9. e3 Qa5+ 10. Bd2 Nxd2 11. Qxd2 dxc4 12. Bxc4 Qxc5 13. Rc1 Qb6 14. Nf3
O-O 15. O-O Rd8 16. Qc2 h6 17. Ba2 Bd7 18. Bb1 g6 19. Qc3 Be8 20. h4 Qb5 21. Qf6
a5 22. Be4 Qh5 23. Rc4 Rd6 24. Bxc6 bxc6 25. e4 Qb5 26. Rcc1 Rad8 27. e5 Rd5 28.
h5 Qd3 29. hxg6 Qxg6 30. Qh4 Rb8 31. Rc4 h5 32. Rc3 c5 33. Qe7 Bb5 34. Nh4 Qg4
35. Rg3 Qxg3 36. fxg3 Bxf1 37. Qg5+ Kf8 38. Ng6+ 1-0

[Event "67th ch-RUS w 2017"]
[Site "St Petersburg RUS"]
[Date "2017.12.05"]
[Round "3.2"]
[White "Bodnaruk, Anastasia"]
[Black "Goryachkina, Aleksandra"]
[Result "1/2-1/2"]
[WhiteTitle "IM"]
[BlackTitle "WGM"]
[WhiteElo "2428"]
[BlackElo "2486"]
[WhiteFideId "4181751"]
[BlackFideId "4147103"]
[EventDate "2017.12.03"]

1. e4 e6 2. d4 d5 3. Nc3 Nf6 4. e5 Nfd7 5. f4 c5 6. Nf3 Nc6 7. Be3 a6 8. Qd2 b5
9. Bd3 Qb6 10. Qf2 cxd4 11. Nxd4 Nxd4 12. Bxd4 Bc5 13. Ne2 b4 14. O-O Bxd4 15.
Nxd4 Nc5 16. Nb3 Na4 17. Qxb6 Nxb6 18. a3 bxa3 19. Rxa3 O-O 20. Nc5 Nc4 21. Bxc4
dxc4 22. Ra4 Rb8 23. Rb1 c3 24. b3 Rd8 25. Rc4 Bb7 26. Nxb7 Rxb7 27. Rxc3 h5 28.
Kf2 Rd2+ 29. Kf3 Kh7 30. Ra1 Rb6 31. h4 Kg6 32. Rc7 f6 33. Ra5 Rd1 34. Rc4 Rf1+
35. Kg3 Rc1 36. Kf2 Rh1 37. Kg3 Rc1 38. Rac5 fxe5 39. Rxe5 Rd6 40. Rc7 Kf6 41.
Kh2 g6 42. Re2 a5 43. Rc4 Rcd1 44. Kg3 Rc1 45. Kf2 Rh1 46. Kg3 Rc1 47. Kf3 Rf1+
48. Rf2 Ra1 49. Re2 Rf1+ 50. Ke4 Rh1 51. Ra4 Rd5 52. c4 Rf5 53. g3 Rd1 54. Rc2
Re1+ 55. Kf3 Rb1 56. Rc3 Rc5 57. Ke4 e5 58. fxe5+ Rxe5+ 59. Kd4 Rbe1 60. Rf3+
Ke6 61. b4 axb4 62. Rxb4 R1e4+ 63. Kd3 Rg4 64. Rb6+ Ke7 65. Rb7+ Ke6 66. Kc3 Rc5
67. Rb4 g5 68. hxg5 Rcxg5 69. Rb6+ Ke7 70. Kb4 Rxg3 71. Rb7+ Ke6 72. Rff7 R3g4
73. Rbe7+ Kd6 74. Ra7 Ke6 75. Rh7 h4 76. Ra6+ Ke5 77. Rah6 Rg6 78. Rh5+ R6g5 79.
Rxg5+ Rxg5 80. Rxh4 Kd6 81. c5+ Kc7 82. Rh7+ Kc8 83. Rh6 Rg7 84. Kb5 Rb7+ 85.
Rb6 Rh7 86. Ra6 Rb7+ 87. Kc6 Rc7+ 88. Kd5 Rd7+ 89. Ke6 Rd1 90. Rd6 Re1+ 91. Kd5
Kc7 92. Rc6+ 1/2-1/2

[Event "67th ch-RUS w 2017"]
[Site "St Petersburg RUS"]
[Date "2017.12.05"]
[Round "3.3"]
[White "Galliamova, Alisa"]
[Black "Shuvalova, Polina"]
[Result "0-1"]
[WhiteTitle "IM"]
[BlackTitle "WIM"]
[WhiteElo "2443"]
[BlackElo "2385"]
[WhiteFideId "4129725"]
[BlackFideId "24171760"]
[EventDate "2017.12.03"]

1. c4 Nf6 2. Nc3 e5 3. Nf3 Nc6 4. e4 d6 5. d4 Bg4 6. d5 Nd4 7. Be2 Nxe2 8. Qxe2
g6 9. h3 Bd7 10. Bg5 h6 11. Be3 b6 12. Qd2 Bg7 13. O-O a5 14. Nh2 a4 15. b4 Nh5
16. Rac1 f5 17. exf5 gxf5 18. Qd1 Nf6 19. f4 exf4 20. Bxf4 O-O 21. Qf3 Qe8 22.
Rfe1 Qg6 23. Nf1 Nh5 24. Ne2 Rae8 25. Nfg3 Nxf4 26. Nxf4 Qg5 27. Ngh5 Re4 28.
Ne6 Bxe6 29. dxe6 Be5 30. Rcd1 Rh4 31. Rxe5 dxe5 32. Rd7 Rxh5 33. e7 Re8 34.
Qd5+ Kg7 35. Rd8 Qxe7 36. Rd7 Kf8 37. Rxe7 Rxe7 38. Qf3 Rg5 39. h4 e4 40. Qf4
Rg6 41. Qxf5+ Kg7 42. h5 Rg5 43. Qh3 e3 44. Kf1 b5 45. Qh4 e2+ 46. Ke1 bxc4 47.
Qd4+ Rge5 48. b5 Kf8 49. Qf4+ Kg7 50. Qg4+ Rg5 51. Qd4+ Rge5 52. Qg4+ Kh8 53.
Qd4 Kh7 54. Qg4 R5e6 55. Qf5+ Kg7 56. Qg4+ Kf8 57. Qf5+ Ke8 58. g4 Rd6 0-1

[Event "67th ch-RUS w 2017"]
[Site "St Petersburg RUS"]
[Date "2017.12.05"]
[Round "3.4"]
[White "Gunina, Valentina"]
[Black "Ovod, Evgenija"]
[Result "1-0"]
[WhiteTitle "GM"]
[BlackTitle "IM"]
[WhiteElo "2510"]
[BlackElo "2364"]
[WhiteFideId "4167570"]
[BlackFideId "4131827"]
[EventDate "2017.12.03"]

1. e4 e5 2. Nf3 Nc6 3. Bc4 Bc5 4. c3 Nf6 5. d4 exd4 6. e5 d5 7. Bb5 Ne4 8. cxd4
Bb6 9. Nc3 O-O 10. Be3 Ne7 11. Bd3 Bf5 12. O-O Nxc3 13. bxc3 Qd7 14. Nh4 Bxd3
15. Qxd3 f5 16. exf6 Rxf6 17. Bg5 Rf7 18. Rae1 c6 19. Re2 Raf8 20. Rfe1 Nc8 21.
h3 Bc7 22. Re6 Rxf2 23. Nf3 Bg3 24. Nd2 Rxd2 25. Qxg3 Rxa2 26. Rf6 Re8 27. Rxe8+
Qxe8 28. Bh6 Qd7 29. Rf4 Nd6 30. Bxg7 Nf5 31. Bh6+ Kh8 32. Rxf5 1-0

[Event "67th ch-RUS w 2017"]
[Site "St Petersburg RUS"]
[Date "2017.12.05"]
[Round "3.5"]
[White "Gritsayeva, Oksana"]
[Black "Kovalevskaya, Ekaterina"]
[Result "1/2-1/2"]
[WhiteTitle "WFM"]
[BlackTitle "IM"]
[WhiteElo "2373"]
[BlackElo "2405"]
[WhiteFideId "14104652"]
[BlackFideId "4116704"]
[EventDate "2017.12.03"]

1. e4 c5 2. Nf3 Nc6 3. Bb5 g6 4. Bxc6 bxc6 5. O-O Bg7 6. Re1 Nh6 7. c3 O-O 8. d4
cxd4 9. cxd4 d5 10. e5 f6 11. e6 Nf5 12. Qe2 Qb6 13. Nc3 Nxd4 14. Nxd4 Qxd4 15.
Be3 Qe5 16. Bc5 Qxe2 17. Rxe2 f5 18. Rd1 Bf6 19. f4 Ba6 20. Red2 Rfd8 21. Kf2
Kg7 22. Ke3 Bc8 23. Ne2 Bxe6 24. Nd4 Kf7 25. Rc1 Bd7 26. Nf3 Rdb8 27. b3 a5 28.
Re2 Rb5 29. Kd2 h6 30. Ne5+ Bxe5 31. Rxe5 e6 32. h4 Rg8 33. Re2 g5 34. hxg5 hxg5
35. g3 Rh8 36. Ke3 Rh3 37. Kf3 Rb8 38. fxg5 Kg6 39. Bd6 Rbh8 40. Rc5 Ra8 41. Bf4
Rh1 42. Ke3 e5 43. Bxe5 Kxg5 44. Kf3 a4 45. b4 Rf1+ 46. Kg2 Rb1 47. Bc3 Re8 48.
Rxe8 Bxe8 49. Ra5 d4 50. Bxd4 Rxb4 51. Bc3 Rc4 52. Bd2+ Kg4 53. Ra8 Rc2 54.
Rxa4+ Kh5 55. Rd4 Rxa2 56. Rd6 Kg4 57. Rd4+ Kh5 58. Rd6 Kg4 1/2-1/2

[Event "67th ch-RUS w 2017"]
[Site "St Petersburg RUS"]
[Date "2017.12.05"]
[Round "3.6"]
[White "Nechaeva, Marina"]
[Black "Kashlinskaya, Alina"]
[Result "1/2-1/2"]
[WhiteTitle "IM"]
[BlackTitle "IM"]
[WhiteElo "2424"]
[BlackElo "2452"]
[WhiteFideId "4149351"]
[BlackFideId "4198026"]
[EventDate "2017.12.03"]

1. d4 Nf6 2. c4 e6 3. Nf3 d5 4. Nc3 Bb4 5. cxd5 exd5 6. Bg5 h6 7. Bh4 O-O 8. e3
Bf5 9. Bd3 Bxd3 10. Qxd3 Nbd7 11. Qb5 Bxc3+ 12. bxc3 Nb6 13. Nd2 c6 14. Qb3 Qe7
15. O-O g5 16. Bg3 Nh5 17. a4 Nxg3 18. hxg3 Rab8 19. a5 Nd7 20. c4 Nf6 21. cxd5
cxd5 22. Nf3 Rfc8 23. Ne5 Rc7 24. Rfc1 Rbc8 25. Rxc7 Rxc7 26. Nd3 Kg7 27. Nc5
Ne4 28. Qxd5 Nxc5 29. dxc5 Rxc5 30. Qb3 Qe5 31. Qa4 Rc4 32. Qa3 Rc3 33. Qa4 Rc4
34. Qa3 Qc3 35. Qxc3+ Rxc3 36. Rb1 Rc5 37. Rxb7 Rxa5 38. g4 Ra2 39. Kh2 Rxf2 40.
Rxa7 Re2 41. Ra3 Kg6 1/2-1/2

[Event "67th ch-RUS w 2017"]
[Site "St Petersburg RUS"]
[Date "2017.12.06"]
[Round "4.1"]
[White "Pogonina, Natalija"]
[Black "Kashlinskaya, Alina"]
[Result "1/2-1/2"]
[WhiteTitle "WGM"]
[BlackTitle "IM"]
[WhiteElo "2469"]
[BlackElo "2452"]
[WhiteFideId "4147855"]
[BlackFideId "4198026"]
[EventDate "2017.12.03"]

1. d4 Nf6 2. c4 e6 3. Nc3 Bb4 4. e3 O-O 5. Ne2 d5 6. a3 Bd6 7. Ng3 c5 8. dxc5
Bxc5 9. b4 Be7 10. Bb2 dxc4 11. Bxc4 a5 12. Qxd8 Rxd8 13. b5 Nbd7 14. Na4 b6 15.
Ke2 Bb7 16. f3 Rac8 17. Rhc1 Nd5 18. Bd4 e5 19. Bxd5 Bxd5 20. Nxb6 Rxc1 21. Rxc1
Be6 22. Nxd7 Bxd7 23. Bb6 Bxb5+ 24. Kf2 Bxa3 25. Bxd8 Bxc1 26. Bxa5 Ba3 27. Bb6
f6 28. e4 g6 29. Nf1 Bc1 30. Ne3 Bxe3+ 31. Kxe3 Bf1 32. Kf2 Bb5 1/2-1/2

[Event "67th ch-RUS w 2017"]
[Site "St Petersburg RUS"]
[Date "2017.12.06"]
[Round "4.2"]
[White "Kovalevskaya, Ekaterina"]
[Black "Nechaeva, Marina"]
[Result "1/2-1/2"]
[WhiteTitle "IM"]
[BlackTitle "IM"]
[WhiteElo "2405"]
[BlackElo "2424"]
[WhiteFideId "4116704"]
[BlackFideId "4149351"]
[EventDate "2017.12.03"]

1. e4 c6 2. d4 d5 3. Nc3 dxe4 4. Nxe4 Bf5 5. Ng3 Bg6 6. Nh3 Nd7 7. Bc4 e6 8. Nf4
Bd6 9. Nxg6 hxg6 10. Ne4 Ndf6 11. Ng5 Ne7 12. c3 Qc7 13. g3 c5 14. Qa4+ Nc6 15.
dxc5 Bxc5 16. Bf4 Qb6 17. O-O-O Bxf2 18. Bxe6 fxe6 19. Nxe6 Be3+ 20. Kb1 Bxf4
21. Qxf4 Rd8 22. Nxd8 Nxd8 23. Rhe1+ Kf7 24. Rd7+ Kg8 25. Rd6 Nc6 26. Qc4+ Kh7
27. Qh4+ Kg8 28. Qc4+ Kh7 29. Qh4+ Kg8 30. Qc4+ 1/2-1/2

[Event "67th ch-RUS w 2017"]
[Site "St Petersburg RUS"]
[Date "2017.12.06"]
[Round "4.3"]
[White "Ovod, Evgenija"]
[Black "Gritsayeva, Oksana"]
[Result "1/2-1/2"]
[WhiteTitle "IM"]
[BlackTitle "WFM"]
[WhiteElo "2364"]
[BlackElo "2373"]
[WhiteFideId "4131827"]
[BlackFideId "14104652"]
[EventDate "2017.12.03"]

1. d4 d6 2. Nf3 g6 3. c4 Bg7 4. Nc3 e5 5. dxe5 dxe5 6. Qxd8+ Kxd8 7. Bd2 Ke8 8.
Nb5 Na6 9. Bc3 f6 10. b4 Bd7 11. e4 Nh6 12. c5 Nf7 13. Bc4 c6 14. O-O-O cxb5 15.
Bxf7+ Ke7 16. Bd5 Rab8 17. Rd3 Nc7 18. Rhd1 Nxd5 19. Rxd5 Bc6 20. Rd6 Bh6+ 21.
Kb2 Rhe8 22. Ne1 Kf7 23. f3 Bf8 24. R6d2 Bh6 25. Rd6 Re6 26. Rxe6 Kxe6 27. Rd6+
Kf7 28. Nc2 Re8 29. Rd1 Ke7 30. Be1 f5 31. exf5 gxf5 32. Bc3 Kf7 33. Re1 e4 34.
Nd4 exf3 35. Nxf3 Rxe1 36. Bxe1 Bf4 37. g3 Bb8 38. Nd4 Kf6 39. Bd2 Kg6 40. Kc3
Be5 41. Bf4 Bf6 42. Kd3 Be4+ 43. Ke3 a6 44. g4 Bb1 45. gxf5+ Bxf5 46. c6 bxc6
47. Nxc6 Be6 48. Nb8 Bxa2 49. Nxa6 Kf5 50. Nc7 Bc4 51. Ne8 Bd4+ 52. Kxd4 Kxf4
53. Nd6 Bf1 54. Kc5 h5 55. Nxb5 h4 56. Nd6 Kf3 57. Kd4 Ba6 58. b5 Bxb5 59. Nxb5
Kg2 60. Ke3 Kxh2 61. Kf2 Kh3 62. Nd4 Kg4 63. Nf3 h3 1/2-1/2

[Event "67th ch-RUS w 2017"]
[Site "St Petersburg RUS"]
[Date "2017.12.06"]
[Round "4.4"]
[White "Shuvalova, Polina"]
[Black "Gunina, Valentina"]
[Result "1/2-1/2"]
[WhiteTitle "WIM"]
[BlackTitle "GM"]
[WhiteElo "2385"]
[BlackElo "2510"]
[WhiteFideId "24171760"]
[BlackFideId "4167570"]
[EventDate "2017.12.03"]

1. d4 Nf6 2. c4 e6 3. g3 Bb4+ 4. Bd2 Be7 5. Bg2 d5 6. Nf3 O-O 7. O-O Nbd7 8. Qc2
c6 9. Bf4 b6 10. cxd5 cxd5 11. Rc1 Bb7 12. Qb3 Ne4 13. Nbd2 Nd6 14. Ne5 Rc8 15.
Qa4 b5 16. Rxc8 bxa4 17. Rxd8 Rxd8 18. Rc1 Nxe5 19. dxe5 Nb5 20. Nf3 h6 21. Bd2
a3 22. bxa3 Bxa3 23. Rc2 Rc8 24. Rxc8+ Bxc8 25. Ne1 Nd4 26. Bf1 Nc6 27. f4 Nb4
28. Be3 a5 29. Bb6 a4 30. Bc5 d4 31. Nd3 Nxd3 32. Bxa3 Ne1 33. Bc5 d3 34. exd3
Ba6 35. Bb4 Nxd3 36. Bd6 Bc4 37. a3 g5 38. fxg5 hxg5 39. h4 gxh4 40. gxh4 Kh7
41. Bg2 Bd5 42. Bh3 Kg6 43. Bg4 Nb2 44. Kf2 Bb3 45. Ke3 f5 46. Bf3 Bd1 47. Bc6
Kh5 48. Be7 Kg4 49. Be8 f4+ 50. Kd2 f3 51. Bc5 Bb3 52. h5 Nc4+ 53. Kc3 Kg5 54.
Bd4 Kh6 55. Kb4 Kg7 56. Bb5 Nd2 57. h6+ Kh8 58. Bd3 Bd5 59. Kxa4 Ne4 60. Bxe4
Bxe4 61. Kb5 Bd3+ 62. Kb6 Bc2 63. Kb5 Bd3+ 64. Kb4 Kh7 65. Be3 f2 66. Bxf2 Kxh6
67. a4 Kg7 68. Kc5 Kf7 69. Kc6 Ke8 70. Bh4 Be2 71. a5 Bd3 72. Kd6 Kf7 73. Bf6
Be2 74. Kd7 Bd3 75. Be7 Be2 76. Bd6 Bd3 77. Kd8 Be2 78. Bc5 Bd3 79. Bf2 Be2 80.
Bg1 Bd3 81. Bc5 Be2 82. Kc7 Ke8 83. Kb7 Bf3+ 84. Kb8 Be2 85. Kc7 Bd3 86. Kb6 Kd7 1/2-1/2